000 01381ngm a22003490a 4500
001 PT44548
003 AR-LpoUNG
005 20210201235947.0
007 vd cvaizq
008 191001s2009||||xxk|||||||||||||||||eng d
040 _aAR-LpoUNG
_bspa
_cAR-LpoUNG
_eaacr
041 _aeng
044 _axxk
082 0 _a941.08 181jov
100 1 _aVallée, Jean-Marc
_edir.
245 1 3 _aLa joven Victoria
260 _aLondres :
_bGK Films,
_c[2009].
300 _aDVD (100 min.) : son., col.
505 0 _aSubtítulos en español. - Título original: The young Victoria. - Origen: Alemania, Reino Unido.- Elenco: Emily Blunt. - Fotografía: Hagen Bogdanski. - Guión: Julian Fellowes. - Música: Ilan Eshkeri. - Producción: Sarah Ferguson, Martin Scorsese.
520 _a1837. Victoria de tan sólo 17 años (Emily Blunt) esta en el medio de una lucha por obtener el poder de la corona. Su tío, el Rey William (Jim Broadbent), está muriendo y es Victoria quien le sigue en la línea de mando. Todo el palacio esta en búsqueda de ganarse un lugar a su lado.
650 4 _aDRAMA
650 4 _aHISTORIA
650 4 _aPODER POLITICO
650 4 _aREINO UNIDO
650 4 _aRELACIONES HUMANAS
651 4 _aReino Unido de Gran Bretaña e Irlanda del Norte
653 _aCINE
653 _aCINE INGLES
653 _aVIDEOS
905 _a44548
942 _cDVD
999 _c53860
_d53860